Agua / (Registro nro. 11732)

Detalles MARC
000 -LIDER
fixed length control field 00481nam a22001817a 4500
003 - IDENTIFICACDOR DE NÚMERO DE CONTROL
control field DO-SdBNP
005 - DATE AND TIME OF LATEST TRANSACTION
control field 20171212113613.0
008 - ELEMENTOS DE LONGITUD FIJA
fixed length control field 161031b xxu||||| |||| 00| 0 spa d
020 ## - ISBN
International Standard Book Number 9501106829
040 ## - FUENTE DE CATALOGACIÓN
Agencia que crea de manera original el registro BPMSU
Idioma de catalogación spa
Agencia que realiza la transcripción BPMSU
100 ## - ASIENTO PRINCIPAL -- NOMBRE PERSONAL
Nombre personal Walpole, Brenda
245 ## - MENCIÓN DE TITULO
Título Agua /
Mención de responsabilidad Texto de Brenda Walpole
260 ## - PUBLICACIÓN, DISTRIBUCIÓN, ETC. (PIE DE IMPRENTA)
Lugar de publicación, distribución, etc [s. n] :
Nombre del editor, distribuidor, etc. Sigmar ,
Fecha de publicación, distribución, etc [s. f]
300 ## - DESCRIPCIÓN FÍSICA
Extensión 38 p. :
Otros detalles físicos il. :
Dimensiones 27 cm
942 ## - ADDED ENTRY ELEMENTS (KOHA)
Source of classification or shelving scheme Dewey Decimal Classification
Koha item type Libros
945 ## - INFORMACIÓN DE PROCESAMIENTO LOCAL
Información de procesamiento local inventariado extranjero / DG
956 ## - LOCAL ELECTRONIC LOCATION AND ACCESS (OCLC)
Nombre de host dgarcia
Número de acceso 10
Existencias
Withdrawn status Lost status Source of classification or shelving scheme Damaged status Not for loan Collection code Home library Current library Date acquired Source of acquisition Total Checkouts Barcode Date last seen Price effective from Koha item type
    Dewey Decimal Classification     Colección Juvenil General Biblioteca Pública Metropolitana Salomé Ureña Biblioteca Pública Metropolitana Salomé Ureña 10/31/2016 Donado   BPMSU16100447 10/31/2016 10/31/2016 Libros